000 00294nam a2200109Ia 4500
008 231129s9999||||xx |||||||||||||| ||spa||
082 _aER- 444
100 _aOspina Amézquita Leticia
245 0 _aEntre rosas y espinas. Poemario
264 _aDosquebradas: Prenóbel 2017
942 _2ddc
_cBKS
999 _c13209
_d13209